Music Quiz

Random Music Quiz

Beach Boys: 60 Most Acclaimed Songs Quiz Stats

 Plays Quiz not verified by Sporcle

Score 0/60 Timer 16:00
0 Plays Today
Rank Song % Correct
#48Surfin'
96.6%
#3Good Vibrations
93.3%
#1God Only Knows
92.7%
#13Surfin' USA
91.3%
#4California Girls
87.1%
#5Wouldn't It Be Nice
85.1%
#34Kokomo
82%
#15Sloop John B
80.9%
#17Help Me, Rhonda
78.7%
#6I Get Around
76.4%
#12Barbara Ann
75.3%
#11Fun, Fun, Fun
73%
#14Surfer Girl
72.2%
#31Surfin' Safari
71.9%
#21Caroline, No
69.1%
#30Little Deuce Coupe
68.5%
#9In My Room
65.4%
#8Heroes and Villains
64.6%
#2Surf's Up
63.8%
#52Pet Sounds
57%
#7Don't Worry Baby
54.8%
#28Dance, Dance, Dance
53.7%
#10I Just Wasn't Made for These Times
51.1%
#41Be True To Your School
50.8%
#33Wild Honey
45.2%
#16Sail On Sailor
44.4%
#22When I Grow Up (To Be a Man)
43%
#56Catch a Wave
42.9%
#20Do It Again
42.7%
#29Darlin'
40.7%
Rank Song % Correct
#27Don't Talk (Put Your Head on My Shoulder)
39.9%
#23I Can Hear Music
38.8%
#42I Know There's an Answer
38.5%
#18The Warmth of the Sun
36.2%
#60Hang on to Your Ego
35.7%
#24All Summer Long
33.4%
#40Here Today
33.4%
#32You Still Believe in Me
32.3%
#44Little Honda
31.7%
#51That's Not Me
30.6%
#47Disney Girls (1957)
30.3%
#55409
28.6%
#19'Til I Die
27.8%
#39I'm Waiting for the Day
26.7%
#37Forever
25%
#58Little Saint Nick
25%
#59Please Let Me Wonder
25%
#25Cabinessence
22.5%
#43Let's Go Away for Awhile
22.2%
#26Feel Flows
20.2%
#36You're So Good to Me
18.5%
#54Breakaway
17.7%
#53Our Prayer
16.6%
#50Long Promised Road
15.2%
#46Time to Get Alone
14.3%
#49Do You Like Worms?
11.2%
#38All I Wanna Do
9.8%
#35She Knows Me Too Well
7.3%
#45All This is That
7.2%
#57The Trader
6.8%

You're not logged in!

Compare scores with friends on all Sporcle quizzes.
OR
Log In

Show Comments

Extras

Top Quizzes Today


Score Distribution

Your Account Isn't Verified!

In order to create a playlist on Sporcle, you need to verify the email address you used during registration. Go to your Sporcle Settings to finish the process.

Report this User

Report this user for behavior that violates our Community Guidelines.

Details: